000 00325nam a22001337a 4500
008 170216b xxu||||| |||| 00| 0 eng d
020 _a9780323012690
041 _aeng
080 _23RD
_a615
100 _a5
101 _aSHF
245 _aSTUDY GUIDE FOR PHARMACOLOGY AND THE NURSING PROCESS
_cSNYDER, J.S
942 _2udc
_cBK
999 _c5744
_d5744